000 00942cab a2200277 4500
001 ABS50908
008 090401t1994 xxu||||| |||| 00| 0 eng d
035 _a(Sirsi) u1106
041 _aeng
100 _aJones, G.
245 _aPlanners need to lead on fast watersports
260 _c1994
350 _a0
490 _aPlanning (for the Natural and Built Environment)
_v(1073) 17 June 1994, 22-23(2)
520 _aArgues the need for planners to play an active role in ensuring that suitable sites are found for fast watersports. Considers various options as well as problems, offering recommendations for the future.
650 _aBRITISH WATER SKI FEDERATION
650 _aCOUNTRYSIDE COMMISSION
650 _aPLANNING ISSUES
650 _aRECREATION
650 _aSPORTS COUNCIL
650 _aWATERSPORTS
690 _aLEISURE AND RECREATION
690 _aPLANNING LAW AND PRACTICE
942 _n0
948 _c04/03/1997
999 _c607
_d607